000 00743cam a22002531 4500
999 _c21613
_d21613
001 7026866
003 BDDh-ASL
005 20231015030022.0
008 720615s1961 caua 000 0 eng
010 _a 61005504
035 _a(OCoLC)332726
040 _aDLC
_cOTU
_dOCoLC
_dNcRS
_dDLC
_dBDDh-ASL
042 _apremarc
050 0 0 _aDS317
_b.B3
082 _a955.05
_bBAM
100 1 _aBanani, Amin.
245 1 4 _aThe modernization of Iran, 1921-1941 /
260 _aStanford:
_bStanford University Press,
_c1961.
300 _a191 p. :
_billus.
_c23 cm.
651 0 _aIran
_xHistory
_yPahlavi dynasty, 1925-1979.
651 0 _aIran
_xHistory
_y20th century.
906 _a7
_bcbc
_coclcrpl
_du
_encip
_f19
_gy-gencatlg
942 _2ddc
_cBK